Vývoj nových přístupů v odstraňování okují při kontinuální výrobě oceli s využitím vysokotlakého vodního paprsku = Development of new approaches in descaling in the continuous production of steel using high-pressure water jet : zkrácená verze Ph.D. Thesis /

Hlavní autor: Votavová, Helena, 1989-
Korporativní autor: Vysoké učení technické v Brně. Laboratoř přenosu tepla a proudění
Jazyk: Čeština
Vydáno: Brno : [Vysoké učení technické v Brně], 2019
Edice: Vědecké spisy Vysokého učení technického v Brně. PhD Thesis, sv. 877
Témata:
Fyzický popis: 30 stran : ilustrace ; 21 cm
Language note: České a anglické resumé
Knihy
Uloženo v:
LEADER 02637nam a2200577 i 4500
001 nkc20193117638
003 CZ PrNK
005 20191114132928.0
007 ta
008 190712s2019 xr a f m 000 0 cze
015 |a cnb003117638 
020 |a 978-80-214-5752-2  |q (brožováno) 
035 |a (OCoLC)1122793151 
040 |a OLA001  |b cze  |e rda 
041 0 |a cze  |b cze  |b eng 
072 7 |a 621  |x Strojírenství  |2 Konspekt  |9 19 
080 |a 669.18  |2 MRF 
080 |a 620.191.32  |2 MRF 
080 |a 621.9.048-032.2  |2 MRF 
080 |a (043.3)  |2 MRF 
080 |a (048.3)  |2 MRF 
100 1 |a Votavová, Helena,  |d 1989-  |7 jo20191048338  |4 dis 
245 1 0 |a Vývoj nových přístupů v odstraňování okují při kontinuální výrobě oceli s využitím vysokotlakého vodního paprsku =  |b Development of new approaches in descaling in the continuous production of steel using high-pressure water jet : zkrácená verze Ph.D. Thesis /  |c autor práce Helena Votavová 
246 3 1 |a Development of new approaches in descaling in the continuous production of steel using high-pressure water jet 
264 1 |a Brno :  |b [Vysoké učení technické v Brně],  |c 2019 
300 |a 30 stran :  |b ilustrace ;  |c 21 cm 
336 |a text  |b txt  |2 rdacontent 
337 |a bez média  |b n  |2 rdamedia 
338 |a svazek  |b nc  |2 rdacarrier 
490 1 |a Vědecké spisy Vysokého učení technického v Brně. PhD Thesis,  |x 1213-4198 ;  |v sv. 877 
500 |a "Obor Inženýrská mechanika" 
500 |a Zkrácená verze disertace (Ph.D.)--Vysoké učení technické v Brně, Fakulta strojního inženýrství, Laboratoř přenosu tepla a proudění, 2019 
504 |a Obsahuje bibliografii 
546 |a České a anglické resumé 
650 0 7 |a metalurgie oceli  |7 ph138273  |2 czenas 
650 0 7 |a okuje  |7 ph305466  |2 czenas 
650 0 7 |a technologie vodního paprsku  |7 ph675371  |2 czenas 
650 0 9 |a steel metallurgy  |2 eczenas 
650 0 9 |a hammer-scale  |2 eczenas 
650 0 9 |a water jet technology  |2 eczenas 
655 7 |a disertace  |7 fd132024  |2 czenas 
655 7 |a teze  |7 fd133701  |2 czenas 
655 9 |a dissertations  |2 eczenas 
655 9 |a abstracts  |2 eczenas 
710 2 |a Vysoké učení technické v Brně.  |b Laboratoř přenosu tepla a proudění  |7 olak2011669854  |4 isb 
810 2 |a Vysoké učení technické v Brně.  |t Vědecké spisy.  |p PhD Thesis  |0 s 
910 2 |a BOA001  |b 2-1436.952 
990 |a BK 
995 |a 01 
996 6 |b 2610805845  |c 2-1436.952  |l MZK  |r Sklad / do 1 hodiny  |n 0  |p p.v.  |w 001767956  |u 000010  |a 1  |e BOA001  |j MZK50  |s P 
996 7 |b 2610805846  |c 2-1436.952  |l MZK  |r Sklad / do 1 hodiny  |n 0  |p p.v.  |w 001767956  |u 000020  |a 1  |e BOA001  |j MZK50  |s A